| 000 | 00447nam a2200133Ia 4500 | ||
|---|---|---|---|
| 008 | 160809s9999 xx 000 0 und d | ||
| 100 | _aN, Sruthi. | ||
| 245 | _aIP Core Design of Hight Lightweight Cipher and its Implementation | ||
| 245 | _cSruthi.N, R. Nandakumar and Rajkumar. P. | ||
| 260 | _bComputer Science and Information Technology | ||
| 260 | _cJuly 2016 | ||
| 650 | _xINFORMATION TECHNOLOGY | ||
| 856 | _uhttp://airccse.org/V6N56.html | ||
| 999 |
_c300141 _d300141 |
||